The law of limited liability partnerships (Record no. 110996)

MARC details
000 -LEADER
fixed length control field 00901cam a22002415a 4500
001 - CONTROL NUMBER
control field L150828
008 - FIXED-LENGTH DATA ELEMENTS--GENERAL INFORMATION
fixed length control field 100907s2009 xxk f 000 0 eng d
020 ## - INTERNATIONAL STANDARD BOOK NUMBER
International Standard Book Number 9781847663221
035 ## - SYSTEM CONTROL NUMBER
System control number (Sirsi) u150828
041 0# - LANGUAGE CODE
Language code of text/sound track or separate title eng
050 04 - LIBRARY OF CONGRESS CALL NUMBER
Classification number 346.41068 $2 18
100 1# - MAIN ENTRY--PERSONAL NAME
Personal name Whittaker, John
245 04 - TITLE STATEMENT
Title The law of limited liability partnerships
250 ## - EDITION STATEMENT
Edition statement 3rd ed.
260 ## - PUBLICATION, DISTRIBUTION, ETC.
Place of publication, distribution, etc. Haywards Heath
Name of publisher, distributor, etc. Bloomsbury Professional
Date of publication, distribution, etc. 2009
300 ## - PHYSICAL DESCRIPTION
Extent lxvii, 572p.
Dimensions 25cm.
520 ## - SUMMARY, ETC.
Summary, etc. Offers guidance on the law relating to limited liability partnerships, and highlights potential problem areas. Includes an extended analysis of members' duties, a new chapter on financial services regulation, and a comparative analysis of the UK hybrid with those overseas.
590 ## - LOCAL NOTE (RLIN)
Local note KA
651 #4 - SUBJECT ADDED ENTRY--GEOGRAPHIC NAME
Geographic name England and Wales
Chronological subdivision 1543-
690 ## - LOCAL SUBJECT ADDED ENTRY--TOPICAL TERM (OCLC, RLIN)
Topical term or geographic name as entry element MANAGEMENT-BUSINESS MANAGEMENT
700 1# - ADDED ENTRY--PERSONAL NAME
Personal name Machell, John
942 ## - ADDED ENTRY ELEMENTS (KOHA)
Suppress in OPAC 0
Holdings
Withdrawn status Lost status Source of classification or shelving scheme Damaged status Not for loan Home library Current library Shelving location Date acquired Cost, normal purchase price Total Checkouts Full call number Barcode Date last seen Copy number Cost, replacement price Price effective from Koha item type
    Dewey Decimal Classification     London London Books 26/10/2010 128.25   346.41068 WHI 30075494 06/08/2019 1 128.25 06/08/2019 Book